00976 a2200193 45000010006000000050017000060080041000230030015000640400040000790800038001192450037001570200022001942640030002163000019002465050359002650410008006241000051006328560099006834504920260407155725.0260407a2011 arg spa dAR-UNSa-BCEJYS aAR-UNSa-BCEJYSbspacAR-UNSa-BCEJYS a331.5xMercado de Trabajo. Empleo10aPromoción municipal del empleo a978-92-2-325308-0 1aBuenos Aires :bOITc2011 a121 p.c28 cm. a1.Experiencias municipales a favor del desarrollo productivo con énfasis en el empleo – 2. Experiencias de servicios de empleo y mejora de la empleabilidad – 3. Experiencia de ejecución del Programa de Jóvenes con Más y Mejor Trabajo – 4. Experiencias de gobiernos provinciales, de articulación con el MTEySS e involucramiento activo.  aspa1 aOrganización Internacional del Trabajo (OIT)41uhttps://www.biblioeco.unsa.edu.ar/pmb/images/libros/L127071.jpgyImagen de portadaqimage/jpeg